Luật các tổ chức tín dụng

Giới thiệu các quy định trong Luật các tổ chức tín dụng về giấy phép, tổ chức, quản trị, điều hành của tổ chức tín dụng, hoạt động của tổ chức tín dụng, văn phòng đại diện của tổ chức tín dụng nước ngoài và tổ chức nước ngoài kha...

Täydet tiedot

Tallennettuna:
Bibliografiset tiedot
Yhteisötekijät: Việt Nam (Cộng hòa xã hội Chủ nghĩa), Quốc hội
Aineistotyyppi: Kirja
Kieli:Undetermined
Julkaistu: Thành phố Hồ Chí Minh Phương Đông 2011
Aiheet:
Tagit: Lisää tagi
Ei tageja, Lisää ensimmäinen tagi!
Thư viện lưu trữ: Trung tâm Học liệu Trường Đại học Cần Thơ
LEADER 01617nam a2200241Ia 4500
001 CTU_191564
008 210402s9999 xx 000 0 und d
020 |c 34000 
082 |a 346.597082 
082 |b V308 
110 |a Việt Nam (Cộng hòa xã hội Chủ nghĩa) 
110 |b Quốc hội 
245 0 |a Luật các tổ chức tín dụng 
245 0 |c Việt Nam (Cộng hòa xã hội Chủ nghĩa). Quốc hội 
260 |a Thành phố Hồ Chí Minh 
260 |b Phương Đông 
260 |c 2011 
520 |a Giới thiệu các quy định trong Luật các tổ chức tín dụng về giấy phép, tổ chức, quản trị, điều hành của tổ chức tín dụng, hoạt động của tổ chức tín dụng, văn phòng đại diện của tổ chức tín dụng nước ngoài và tổ chức nước ngoài khác có hoạt động ngân hàng, các hạn chế để đảm bảo an toàn trong hoạt động của tổ chức tín dụng, các vấn đề về tài chính, hạch toán,báo cáo, kiểm soát đặc biệt, tổ chức lại, phá sản, giải thể, thanh lý tổ chức tín dụng,cơ quan quản lý nhà nước và điều khoản thi hành 
650 |a Finance,Tài chính 
650 |x Law and legislation,Luật và văn bản quy phạm pháp luật 
650 |z Vietnam,Việt Nam 
910 |a Hải 
980 |a Trung tâm Học liệu Trường Đại học Cần Thơ